000 00616nam a22001457a 4500
003 0
005 20160609172155.0
008 130812t xxu||||| |||| 00| 0 eng d
040 _aBUAC
_bFr
_cBEPAC
100 _aAHOUANGBENON, Houéfa Mardyle Fresnelle
_926063
245 _aPotentialités des jardins botaniques villageois dans la conservation des plantes utilisées en médecine traditionnelle vétérinaire dans les communes de Pehunco et Sinendé au Nord du Bénin
_cAHOUANGBENON, Houéfa Mardyle Fresnelle
260 _aAbomey-Calavi
_bEcole Polytechnique d’Abomey-Calavi
_c2007
300 _a57p.
942 _cTHE
999 _c52336
_d52336